000 00642nam a22002417a 4500
003 OSt
005 20140310182957.0
008 130208t xxu||||| |||| 00| 0 eng d
020 _a9789712350481
050 _aBF 721
_b.Ac173 2008
082 _aPSYFIL 155.4
_b.Ac3 2008
245 _aChild and adolescent development
_cAcero, Victorina D.
260 _aManila
_bRex Book Store
_c2008
300 _axiv, 139 p. :
_c23 cm.
_bill. ;
521 _acollege students
526 _c1210L-1700L
541 _j1
541 _j2
541 _j3
541 _j4
562 _e4
942 _2lcc
_cBK
_kPSYCH-FIL
999 _c18033
_d18033